Planning your Garden : (Record no. 36573)
[ view plain ]
| 000 -LEADER | |
|---|---|
| fixed length control field | 00522nam a22001697a 4500 |
| 005 - DATE AND TIME OF LATEST TRANSACTION | |
| control field | 20241001094507.0 |
| 008 - FIXED-LENGTH DATA ELEMENTS--GENERAL INFORMATION | |
| fixed length control field | 240912b |||||||| |||| 00| 0 eng d |
| 020 ## - INTERNATIONAL STANDARD BOOK NUMBER | |
| ISBN | 978-1843-092872 |
| 082 ## - DEWEY DECIMAL CLASSIFICATION NUMBER | |
| Classification number | 635.967 |
| Item number | MCH-P |
| 100 ## - MAIN ENTRY--AUTHOR | |
| Author Name | McHoy, Peter |
| 245 ## - TITLE STATEMENT | |
| Title | Planning your Garden : |
| Remainder of title | complete guide to designing and planning a beautiful garden / |
| Statement of responsibility, etc. | by Peter McHoy |
| 260 ## - PUBLICATION, DISTRIBUTION, ETC. | |
| Place of Publication | New york : |
| Name of publisher, distributor, etc. | Hermess House ; |
| Date of publication, distribution, etc. | 2002 . |
| 300 ## - PHYSICAL DESCRIPTION | |
| Pages | 256 p . : |
| 500 ## - GENERAL NOTE | |
| General note | Include Index. |
| 650 ## - SUBJECT ADDED ENTRY--TOPICAL TERM | |
| Subject / Department | Agriculture |
| 300 ## - PHYSICAL DESCRIPTION | |
| -- | ill ; |
| -- | 30 cm. |
| 952 ## - LOCATION AND ITEM INFORMATION (KOHA) | |
| -- | 0 |
| -- | 0 |
| Lost status | Damaged status | Collection code | Permanent Location | Current Location | Shelving Location | Date acquired | Full Call Number | Accession No./Barcode | Date last seen | item type | Koha item type |
|---|---|---|---|---|---|---|---|---|---|---|---|
| Agriculture and Veterinary | Superior Information Resource Center (SIRC) Superior University- Main Campus | Superior Information Resource Center (SIRC) Superior University- Main Campus | Agriculture | 09/12/2024 | 635.967 MCH-P 2002 | 29408 | 09/12/2024 | BOOK | BOOK |
